LIBRARY & INFORMATION CENTRE, KCAET, TAVANUR

ONLINE PUBLIC ACCESS CATALOGUE (OPAC)

Gibbon`s decline and fall of the Roman Empire vol-4 (Record no. 6315)

MARC details
000 -LEADER
fixed length control field 00350cam a2200145ua 4500
041 ## - LANGUAGE CODE
Language code of text/sound track or separate title eng
082 ## - DEWEY DECIMAL CLASSIFICATION NUMBER
Classification number 937.06
Item number GIB/GI
100 ## - MAIN ENTRY--AUTHOR NAME
Personal name Gibbon, .
245 ## - TITLE STATEMENT
Title Gibbon`s decline and fall of the Roman Empire vol-4
260 ## - PUBLICATION, DISTRIBUTION, ETC. (IMPRINT)
Place of publication London :
Name of publisher Everymans Library ,
Year of publication 1956.
300 ## - PHYSICAL DESCRIPTION
Number of Pages 534 ; .
942 ## - ADDED ENTRY ELEMENTS (KOHA)
Koha item type Books
Holdings
Withdrawn status Lost status Damaged status Home library Current library Date acquired Full call number Accession Number Koha item type
      KAUAET KAUAET 07/04/2012 937.06 4247 Books
free website counter